Statistiken für Länder, die Kanada am Nächsten Liegen

Klicken Sie hier um das Quiz zu spielen!

Allgemein

  • Dieses Quiz wurde 10.364 mal gespielt
  • Das Durchschnittsergebnis liegt bei 14 aus 20

Antwortstatistiken

kmLand% Korrekt
0Vereinigte Staaten
100%
1809Mexiko
97%
26Grönland (Dänemark)
93%
1238Russland
90%
2065Kuba
78%
1638Island
77%
1232Bermuda (Vereinigtes Königreich)
71%
1657Bahamas
67%
2582Haiti
67%
2625Jamaika
66%
8St-Pierre und Miquelon (Frankreich)
66%
2644Dominikanische Republik
65%
2733Guatemala
64%
2200Norwegen
60%
2642Belize
59%
2823Honduras
59%
2352Schweden
58%
2342Finnland
56%
1928Azoren (Portugal)
49%
2832Sint Maarten (Niederlande)
39%

Verteilung der Resultate

Perzentil nach korrekt beantworteten Fragen

Anzahl Personen mit jedem Resultat

Ihre Resultats-Entwicklung

Sie haben dieses Quiz noch nicht gespielt